[Event "Florianopolis op 11th"]
[Site "Florianopolis"]
[Date "2025.01.24"]
[Round "8"]
[White "Garnier, Rene Augusto"]
[Black "Pironti, Francisco Ferrari"]
[Result "1/2-1/2"]
[WhiteElo "2205"]
[BlackElo "2020"]
[PlyCount "113"]
[EventDate "2025.01.18"]
[EventType "swiss"]
[EventRounds "10"]
[EventCountry "BRA"]
[SourceTitle "CB05_2025"]
[SourceDate "2025.01.29"]
[SourceVersion "1"]
[SourceVersionDate "2025.01.29"]
[SourceQuality "1"]

1. d4 d5 2. Nf3 Nf6 3. c4 e6 4. g3 Be7 5. Bg2 0-0 6. 0-0 dxc4 7. Qc2 a6 8. a4 Bd7 9. Ne5 Bc6 10. Nxc6 Nxc6 11. e3 Na5 12. Bd2 c5 13. dxc5 Rc8 14. Bxa5 Qxa5 15. Qxc4 Rxc5 16. Qb3 b5 17. Nc3 b4 18. Ne2 Rfc8 19. Rfd1 Qc7 20. Rd2 Rc2 21. Rad1 Qc4 22. Qxc4 R8xc4 23. Bb7 Rxd2 24. Rxd2 a5 25. Nd4 Bc5 26. Nb3 Bb6 27. Rd6 Bc7 28. Ra6 g5 29. Nxa5 Rc2 30. Rc6 b3 31. Nxb3 Rxb2 32. Rxc7 Rxb3 33. a5 Ra3 34. a6 Nd5 35. Bxd5 exd5 36. a7 Kg7 37. Kf1 Ra2 38. Ke1 Kg6 39. Kd1 f6 40. Kc1 h5 41. Kb1 Ra6 42. Rd7 Kf5 43. f3 g4 44. fxg4+ hxg4 45. Rxd5+ Ke4 46. Rd7 Kxe3 47. Kc2 Kf2 48. Kd3 Kg2 49. Rh7 Ra4 50. Ke3 Kg1 51. Rh4 f5 52. h3 Kg2 53. hxg4 fxg4 54. Rxg4 Rxa7 55. Kf4 Ra3 56. Rg8 Rf3+ 57. Ke4 1/2-1/2

[Event "Florianopolis op 11th"]
[Site "Florianopolis"]
[Date "2025.01.22"]
[Round "6"]
[White "Garnier, Rene Augusto"]
[Black "Riline Orso, Alejandro"]
[Result "1/2-1/2"]
[WhiteElo "2205"]
[BlackElo "2078"]
[PlyCount "173"]
[EventDate "2025.01.18"]
[EventType "swiss"]
[EventRounds "10"]
[EventCountry "BRA"]
[SourceTitle "CB05_2025"]
[SourceDate "2025.01.29"]
[SourceVersion "1"]
[SourceVersionDate "2025.01.29"]
[SourceQuality "1"]

1. Nf3 c5 2. g3 b6 3. Bg2 Bb7 4. 0-0 Nf6 5. d3 e6 6. c4 Be7 7. Nc3 d6 8. a3 0-0 9. Rb1 Nbd7 10. b4 a6 11. h3 Qc7 12. Bd2 Rac8 13. Qb3 cxb4 14. axb4 d5 15. cxd5 Nxd5 16. Rfc1 Qb8 17. Nd1 Rxc1 18. Rxc1 Rc8 19. Rxc8+ Qxc8 20. e4 N5f6 21. Ne3 h6 22. Nd4 Bf8 23. f4 e5 24. Ne2 Qc7 25. Bf3 a5 26. bxa5 bxa5 27. Nc4 Nc5 28. Qc2 Nxd3 29. Qxd3 Ba6 30. Bxa5 Qc5+ 31. Qe3 Qxc4 32. Bb6 exf4 33. Nxf4 Nd7 34. Bd4 Bb7 35. Be2 Qc6 36. Nd5 Qe6 37. Bg4 Qd6 38. Kh2 Ne5 39. Be2 Ng6 40. Bc4 Qc6 41. Qb3 Ba6 42. Bxa6 Qxa6 43. Qf3 Qa4 44. Qd3 Qa2+ 45. Kh1 Bd6 46. Nc3 Qe6 47. Kg2 h5 48. Ne2 h4 49. g4 Qa2 50. Kf3 Be5 51. Bf2 Bc7 52. Bd4 Qa5 53. Qc3 Qxc3+ 54. Nxc3 f6 55. Nd5 Bd6 56. Bf2 Kf7 57. Ne3 Ne5+ 58. Kg2 g5 59. Nd5 Ng6 60. Be3 Ke6 61. Kf3 Ne5+ 62. Ke2 Nd7 63. Kf3 Bc5 64. Bd2 Ne5+ 65. Ke2 Nc6 66. Kd3 Bd4 67. Bc1 Ke5 68. Ba3 Ba1 69. Bc5 Bb2 70. Bb6 Ke6 71. Bc7 Be5 72. Bb6 Bh2 73. Ke2 Bd6 74. Ke3 Ke5 75. Kd3 Bb8 76. Bg1 Ke6 77. Bd4 Be5 78. Bb6 Bb2 79. Kc2 Bd4 80. Bc7 Bf2 81. Kd3 Bc5 82. Bh2 Ne5+ 83. Bxe5 Kxe5 84. Ke2 Kxe4 85. Nxf6+ Kf4 86. Kf1 Bd4 87. Nh7 1/2-1/2

[Event "Florianopolis op 11th"]
[Site "Florianopolis"]
[Date "2025.01.20"]
[Round "4"]
[White "Garnier, Rene Augusto"]
[Black "Santiago, Yago de Moura"]
[Result "0-1"]
[WhiteElo "2205"]
[BlackElo "2451"]
[PlyCount "158"]
[EventDate "2025.01.18"]
[EventType "swiss"]
[EventRounds "10"]
[EventCountry "BRA"]
[SourceTitle "CB05_2025"]
[SourceDate "2025.01.29"]
[SourceVersion "1"]
[SourceVersionDate "2025.01.29"]
[SourceQuality "1"]

1. Nf3 d5 2. g3 b6 3. Bg2 Bb7 4. 0-0 e6 5. d4 Nf6 6. c4 Be7 7. cxd5 exd5 8. Nc3 0-0 9. Bf4 Na6 10. Rc1 c5 11. Ne5 Nc7 12. dxc5 bxc5 13. Qb3 Qc8 14. Rfd1 Rb8 15. Qa4 Bd6 16. Ng6 hxg6 17. Bxd6 d4 18. Nb1 Bxg2 19. Kxg2 Ne6 20. Bxb8 Qxb8 21. Nd2 Qe5 22. Qc4 Rb8 23. Rc2 g5 24. h3 Nd5 25. Nf3 Qf5 26. Kh2 Nb4 27. Rcd2 g4 28. hxg4 Qxg4 29. a3 Qh5+ 30. Kg2 Nd5 31. Rh1 Qf5 32. Rh4 g5 33. e4 Nb6 34. Qe2 Qg6 35. Rg4 Kf8 36. Nh4 Qf6 37. Nf5 Qe5 38. Qf1 Ke8 39. Qh1 Kd7 40. Qd1 Kc7 41. b4 Nc4 42. Rc2 Nxa3 43. Ra2 cxb4 44. Qa4 a5 45. Ra1 Qb5 46. Rc1+ Kb6 47. Qd1 Rd8 48. Ne7 b3 49. Qf3 b2 50. Rc6+ Qxc6 51. Nxc6 Kxc6 52. e5+ Rd5 53. Qxf7 Nc7 54. e6 b1Q 55. e7 Qe1 56. Qg6+ Kd7 57. Re4 Qxe4+ 58. Qxe4 Ke8 59. Qf3 d3 60. Qf8+ Kd7 61. Qd8+ Kc6 62. e8Q+ Nxe8 63. Qxe8+ Kc5 64. Qe7+ Kc6 65. Qxa3 d2 66. Qa4+ Kd6 67. Qd1 a4 68. Kf3 a3 69. Ke2 a2 70. f4 g4 71. f5 Re5+ 72. Kd3 Re1 73. Qxd2 a1Q 74. Qb4+ Kd7 75. Qb7+ Ke8 76. Qc6+ Kf8 77. Qd6+ Re7 78. Qd8+ Kf7 79. Qd5+ Kg7 0-1

[Event "Florianopolis op 11th"]
[Site "Florianopolis"]
[Date "2025.01.19"]
[Round "2"]
[White "Garnier, Rene Augusto"]
[Black "Soares, Rafael Tuma"]
[Result "1-0"]
[WhiteElo "2205"]
[BlackElo "1932"]
[PlyCount "55"]
[EventDate "2025.01.18"]
[EventType "swiss"]
[EventRounds "10"]
[EventCountry "BRA"]
[SourceTitle "CB05_2025"]
[SourceDate "2025.01.29"]
[SourceVersion "1"]
[SourceVersionDate "2025.01.29"]
[SourceQuality "1"]

1. Nf3 d5 2. g3 Nc6 3. d4 Bf5 4. a3 f6 5. c4 e6 6. Nc3 Nge7 7. Bg2 g5 8. h3 Bg7 9. 0-0 Qd7 10. b4 Bg6 11. Qa4 h6 12. b5 Nd8 13. Re1 f5 14. Ne5 Bxe5 15. dxe5 Nf7 16. Bb2 c6 17. Rad1 0-0 18. e4 fxe4 19. Nxe4 Bxe4 20. Bxe4 cxb5 21. cxb5 a6 22. Bd3 axb5 23. Qg4 Nf5 24. Qh5 Ng7 25. Qg6 Rfc8 26. Re3 b4 27. Rf3 Kf8 28. Qxh6 1-0

[Event "Buenos Aires Masters op"]
[Site "Buenos Aires"]
[Date "2024.06.21"]
[Round "7"]
[White "Garnier, Rene Augusto"]
[Black "Duarte Fernandez, Agustin"]
[Result "0-1"]
[WhiteElo "2184"]
[BlackElo "1992"]
[PlyCount "102"]
[EventDate "2024.06.17"]
[EventType "swiss"]
[EventRounds "9"]
[EventCountry "ARG"]
[SourceTitle "EXT 2025"]
[Source "ChessBase"]
[SourceDate "2024.10.14"]
[SourceVersion "1"]
[SourceVersionDate "2024.10.14"]
[SourceQuality "1"]

1. e4 g6 2. d4 Bg7 3. Nc3 a6 4. Be3 d6 5. Qd2 b5 6. h4 h6 7. f3 Bb7 8. Nh3 e6 9. Nf2 Nd7 10. Nd3 Nb6 11. b3 Ne7 12. a4 c6 13. Ra2 Qc7 14. Be2 h5 15. axb5 axb5 16. Rxa8+ Bxa8 17. Nd1 f6 18. N1f2 Kf7 19. g4 Nd7 20. gxh5 Rxh5 21. f4 Rh8 22. h5 c5 23. hxg6+ Kxg6 24. f5+ exf5 25. Bh5+ Rxh5 26. Rxh5 fxe4 27. Nf4+ Kf7 28. d5 Ne5 29. Kf1 Nf3 30. Qe2 f5 31. Qxb5 Qa7 32. Qa4 Qxa4 33. bxa4 Bxd5 34. a5 Bc4+ 35. Kg2 Ne1+ 36. Kg3 Nxc2 37. Bc1 d5 38. N2h3 Bf6 39. Ng5+ Bxg5 40. Rxg5 d4 41. Rh5 e3 42. Rh7+ Ke8 43. Rh2 Nb4 44. Ba3 Nec6 45. Kf3 Ne5+ 46. Kg3 Kd7 47. Rb2 Ned3 48. Bxb4 Nxb4 49. Kf3 Kc6 50. Ne2 Bxe2+ 51. Rxe2 Kb5 0-1

[Event "Buenos Aires Masters op"]
[Site "Buenos Aires"]
[Date "2024.06.20"]
[Round "6"]
[White "Anigstein, Eugenio"]
[Black "Garnier, Rene Augusto"]
[Result "1/2-1/2"]
[WhiteElo "1965"]
[BlackElo "2184"]
[PlyCount "101"]
[EventDate "2024.06.17"]
[EventType "swiss"]
[EventRounds "9"]
[EventCountry "ARG"]
[SourceTitle "CBM 220 Extra"]
[Source "ChessBase"]
[SourceDate "2024.07.31"]
[SourceVersion "1"]
[SourceVersionDate "2024.07.31"]
[SourceQuality "1"]

1. e4 e6 2. d4 d5 3. Nc3 dxe4 4. Nxe4 Nd7 5. Bg5 Ngf6 6. Nxf6+ Nxf6 7. Nf3 h6 8. Bh4 Be7 9. Bd3 0-0 10. 0-0 b6 11. c3 Bb7 12. Bc2 Qd5 13. Bxf6 Bxf6 14. Qd3 Rfd8 15. Rfe1 c5 16. Qh7+ Kf8 17. Be4 Qd7 18. Ne5 Qc7 19. Bxb7 Qxb7 20. dxc5 bxc5 21. Ng4 Ke7 22. Nxf6 Kxf6 23. Qc2 Rd5 24. Qe2 Rad8 25. Qf3+ Ke7 26. c4 R5d7 27. Qxb7 Rxb7 28. Re2 Rd4 29. b3 a5 30. Rc1 Rb4 31. Kf1 a4 32. Rc3 axb3 33. axb3 Rb7 34. Rb2 Ra7 35. Ke2 Ra3 36. Rd3 e5 37. f3 Ke6 38. Rdd2 f5 39. Rdc2 Ra6 40. b4 cxb4 41. Rxb4 Rc6 42. Rb7 Kf6 43. c5 Rd8 44. Rb6 Rdc8 45. Rcb2 Ke6 46. Rd2 Ke7 47. Rb7+ R8c7 48. Rxc7+ Rxc7 49. Rd5 Ke6 50. Rd6+ Ke7 51. Rd5 1/2-1/2

[Event "Buenos Aires Masters op"]
[Site "Buenos Aires"]
[Date "2024.06.18"]
[Round "3"]
[White "Garnier, Rene Augusto"]
[Black "Liascovich, Lucas"]
[Result "1/2-1/2"]
[WhiteElo "2184"]
[BlackElo "2413"]
[PlyCount "85"]
[EventDate "2024.06.17"]
[EventType "swiss"]
[EventRounds "9"]
[EventCountry "ARG"]
[SourceTitle "CBM 220 Extra"]
[Source "ChessBase"]
[SourceDate "2024.07.31"]
[SourceVersion "1"]
[SourceVersionDate "2024.07.31"]
[SourceQuality "1"]

1. Nf3 d5 2. g3 Nc6 3. d4 Bf5 4. Bg2 Nb4 5. Na3 e6 6. c3 Nc6 7. Nc2 Be7 8. 0-0 h5 9. h3 Nf6 10. Ng5 h4 11. g4 Nxg4 12. Nxf7 Kxf7 13. e4 dxe4 14. hxg4 h3 15. gxf5 hxg2 16. fxe6+ Kg8 17. Kxg2 Qe8 18. Bf4 Qg6+ 19. Bg3 Bd6 20. Rh1 Rf8 21. Rxh8+ Kxh8 22. Qe2 Rf3 23. Rh1+ Kg8 24. Rh3 Ne7 25. Ne1 Nd5 26. Kh2 Nf4 27. Qf1 Nxh3 28. Nxf3 Bxg3+ 29. fxg3 exf3 30. Qxh3 Qd3 31. Qh5 Qe2+ 32. Kh3 Qxe6+ 33. g4 Qe2 34. Qd5+ Kh8 35. Qh5+ Kg8 36. Qd5+ Kf8 37. Qd8+ Kf7 38. Qd7+ Kf6 39. Qf5+ Ke7 40. Qe5+ Qxe5 41. dxe5 Ke6 42. Kg3 Ke7 43. Kh3 1/2-1/2

[Event "American Continental Rapid 18th"]
[Site "Medellin"]
[Date "2024.06.01"]
[Round "6"]
[White "Campo Jimenez, David"]
[Black "Garnier, Rene Augusto"]
[Result "1/2-1/2"]
[WhiteElo "1688"]
[BlackElo "2184"]
[PlyCount "128"]
[EventDate "2024.06.01"]
[EventType "swiss (rapid)"]
[EventRounds "9"]
[EventCountry "COL"]
[SourceTitle "CBM 220 Extra"]
[Source "ChessBase"]
[SourceDate "2024.07.31"]
[SourceVersion "1"]
[SourceVersionDate "2024.07.31"]
[SourceQuality "1"]

1. e4 c5 2. Nf3 g6 3. d4 cxd4 4. Nxd4 Nc6 5. c4 Nf6 6. Nc3 d6 7. Be2 Nxd4 8. Qxd4 Bg7 9. Be3 0-0 10. Qd2 Be6 11. 0-0 Qa5 12. f3 Rfc8 13. Nd5 Qxd2 14. Bxd2 Bxd5 15. exd5 b5 16. Rac1 bxc4 17. Bxc4 Nd7 18. Bb5 Bd4+ 19. Kh1 Ne5 20. f4 Ng4 21. Rxc8+ Rxc8 22. Bd7 Rc2 23. Bxg4 Rxd2 24. Rd1 Rxd1+ 25. Bxd1 Bxb2 26. Kg1 Kg7 27. Kf2 Kf6 28. Kf3 e6 29. Bb3 e5 30. g3 Bc3 31. Bc2 Ke7 32. fxe5 dxe5 33. g4 Bb4 34. h4 Be1 35. h5 Bb4 36. hxg6 hxg6 37. Ke4 Bd6 38. Ba4 f6 39. Bc2 Kf7 40. Bb3 Kg7 41. Ba4 Kh6 42. Bd7 Kg5 43. a4 Kh4 44. Be6 Kg3 45. Bd7 a5 46. Be6 Kh4 47. Bd7 Kg5 48. Be6 Kh6 49. Bd7 Kg7 50. Be6 Kf8 51. Bd7 Ke7 52. Bb5 Bc7 53. Ba6 Kd6 54. Bc8 Kc5 55. Bd7 Bd6 56. Bc6 Bb8 57. Bd7 Bc7 58. Be6 Bb8 59. Bd7 Kc4 60. Bb5+ Kb4 61. Bd7 Kc5 62. Bc6 f5+ 63. gxf5 gxf5+ 64. Kxf5 Kd4 1/2-1/2

[Event "American Continental Blitz 18th"]
[Site "Medellin"]
[Date "2024.05.29"]
[Round "5"]
[White "Rueda Ahumada, Gabriel Omar"]
[Black "Garnier, Rene Augusto"]
[Result "0-1"]
[WhiteElo "1866"]
[BlackElo "2184"]
[PlyCount "79"]
[EventDate "2024.05.29"]
[EventType "swiss (blitz)"]
[EventRounds "9"]
[EventCountry "COL"]
[SourceTitle "CBM 220 Extra"]
[Source "ChessBase"]
[SourceDate "2024.07.31"]
[SourceVersion "1"]
[SourceVersionDate "2024.07.31"]
[SourceQuality "1"]

1. e4 Nc6 2. d4 d5 3. exd5 Qxd5 4. Nf3 Bg4 5. c3 Bxf3 6. Qxf3 Qxf3 7. gxf3 e5 8. d5 Nce7 9. c4 Nf5 10. Be3 Nf6 11. Bd3 Nxe3 12. fxe3 Bc5 13. Ke2 0-0-0 14. Nd2 g6 15. a3 Rhe8 16. Rhf1 a5 17. Ne4 Nxe4 18. fxe4 Re7 19. Rf6 Rd6 20. Raf1 Rxf6 21. Rf3 Rf5 22. Rxf5 Kd8 23. Rf6 Ke8 24. Bc2 Kf8 25. Ba4 Kg7 26. Rf3 f6 27. Kd3 Rf7 28. b4 axb4 29. axb4 Rf8 30. bxc5 Ra8 31. Rf1 Kh6 32. d6 cxd6 33. Rd1 d5 34. Bd7 Rd8 35. Bb5 Rd6 36. Kc3 Rd7 37. Rh1 Re7 38. Bd7 b6 39. h4 Rf7 40. Rf1 0-1

[Event "American Continental 18th"]
[Site "Medellin"]
[Date "2024.05.25"]
[Round "2"]
[White "Garnier, Rene Augusto"]
[Black "Montoya, Miguel"]
[Result "1-0"]
[WhiteElo "2184"]
[BlackElo "1918"]
[PlyCount "69"]
[EventDate "2024.05.24"]
[EventType "swiss"]
[EventRounds "11"]
[EventCountry "COL"]
[SourceTitle "CBM 220 Extra"]
[Source "ChessBase"]
[SourceDate "2024.07.31"]
[SourceVersion "1"]
[SourceVersionDate "2024.07.31"]
[SourceQuality "1"]

1. Nf3 Nf6 2. g3 g6 3. Bg2 Bg7 4. 0-0 0-0 5. d4 d6 6. c4 Nbd7 7. Nc3 Re8 8. e4 e5 9. d5 Nc5 10. Qc2 a5 11. b3 c6 12. Bb2 Bg4 13. Nd2 Qb6 14. h3 Bd7 15. Rab1 Na6 16. a3 Nh5 17. Kh2 Bh6 18. Ba1 c5 19. Nf3 Qc7 20. Ne1 Reb8 21. Nd3 Qd8 22. Qe2 b6 23. f4 f6 24. Bf3 exf4 25. Bxh5 fxg3+ 26. Kxg3 gxh5 27. Qxh5 Bg7 28. Kh2 Qe8 29. Qh4 Qe7 30. Rg1 Be8 31. Nf4 Bg6 32. Nxg6 hxg6 33. Rxg6 Qe5+ 34. Kh1 Kf7 35. Rxg7+ 1-0

[Event "ARG-ch sf 98th"]
[Site "Buenos Aires"]
[Date "2023.05.06"]
[Round "8"]
[White "Fiorito, Francisco"]
[Black "Garnier, Rene Augusto"]
[Result "1-0"]
[WhiteElo "2305"]
[BlackElo "2198"]
[PlyCount "75"]
[EventDate "2023.04.29"]
[EventType "swiss"]
[EventRounds "9"]
[EventCountry "ARG"]
[SourceTitle "CBM 214 Extra"]
[Source "ChessBase"]
[SourceDate "2023.07.31"]
[SourceVersion "1"]
[SourceVersionDate "2023.07.31"]
[SourceQuality "1"]

1. d4 Nf6 2. Nc3 d5 3. Bf4 e6 4. Nb5 Na6 5. e3 c6 6. Nc3 Nc7 7. Nf3 Be7 8. Bd3 0-0 9. 0-0 b6 10. e4 dxe4 11. Nxe4 Ncd5 12. Bd2 Qc7 13. Ne5 c5 14. c4 cxd4 15. cxd5 Qxe5 16. d6 Bxd6 17. f4 Qd5 18. Nxf6+ gxf6 19. Qg4+ Kh8 20. Qh4 f5 21. Qf6+ Kg8 22. Rf3 Re8 23. Qh6 Qxf3 24. gxf3 Bf8 25. Qg5+ Bg7 26. Kf2 f6 27. Qh5 Re7 28. Bb4 Rf7 29. Rc1 Bd7 30. Qh3 Rc8 31. Qf1 Bh6 32. Rxc8+ Bxc8 33. Qc1 Bd7 34. Qc7 Kg7 35. Qd6 Kg6 36. Qxd4 Bc6 37. Qc4 Bd5 38. Bxf5+ 1-0

[Event "ARG-ch sf 98th"]
[Site "Buenos Aires"]
[Date "2023.05.05"]
[Round "7"]
[White "Garnier, Rene Augusto"]
[Black "Slipak, Sergio"]
[Result "1-0"]
[WhiteElo "2198"]
[BlackElo "2388"]
[PlyCount "85"]
[EventDate "2023.04.29"]
[EventType "swiss"]
[EventRounds "9"]
[EventCountry "ARG"]
[SourceTitle "CBM 214 Extra"]
[Source "ChessBase"]
[SourceDate "2023.07.31"]
[SourceVersion "1"]
[SourceVersionDate "2023.07.31"]
[SourceQuality "1"]

1. Nf3 Nf6 2. c4 b6 3. g3 Bb7 4. Bg2 e6 5. 0-0 Be7 6. d4 0-0 7. Nc3 Na6 8. Bf4 d6 9. Qd2 c5 10. d5 e5 11. Bg5 h6 12. Bxf6 Bxf6 13. Ne1 Nc7 14. Nc2 Bc8 15. e4 Bd7 16. Rab1 g6 17. Kh1 Bg7 18. f4 exf4 19. gxf4 Qh4 20. Ne1 Bh3 21. Nd3 Bxg2+ 22. Qxg2 Rfe8 23. Rbe1 b5 24. cxb5 Rab8 25. a4 a6 26. e5 c4 27. Nb4 dxe5 28. Nc6 exf4 29. Rd1 axb5 30. d6 Ne6 31. d7 Rf8 32. Nxb8 Rxb8 33. Nxb5 Bf6 34. Rfe1 Qh5 35. h3 Kg7 36. Qg4 Qc5 37. Qf3 Rd8 38. Nd6 Nd4 39. Ne8+ Kf8 40. Qxf4 Qc6+ 41. Re4 Ne2 42. Qxh6+ Kg8 43. Nxf6+ 1-0

[Event "ARG-ch sf 98th"]
[Site "Buenos Aires"]
[Date "2023.05.04"]
[Round "6"]
[White "Bertona, Fernando"]
[Black "Garnier, Rene Augusto"]
[Result "1/2-1/2"]
[WhiteElo "2397"]
[BlackElo "2198"]
[PlyCount "37"]
[EventDate "2023.04.29"]
[EventType "swiss"]
[EventRounds "9"]
[EventCountry "ARG"]
[SourceTitle "CBM 214 Extra"]
[Source "ChessBase"]
[SourceDate "2023.07.31"]
[SourceVersion "1"]
[SourceVersionDate "2023.07.31"]
[SourceQuality "1"]

1. e4 c5 2. Nf3 d6 3. d4 cxd4 4. Qxd4 Nf6 5. Be2 Nc6 6. Qe3 g6 7. 0-0 Bg7 8. h3 0-0 9. Nc3 a6 10. Rd1 Qc7 11. a3 b5 12. Qf4 h6 13. Bd3 g5 14. Qe3 e6 15. b3 Bb7 16. Bb2 Rfd8 17. Rab1 Qe7 18. Re1 Rac8 19. Ne2 1/2-1/2

[Event "ARG-ch sf 98th"]
[Site "Buenos Aires"]
[Date "2023.05.03"]
[Round "5"]
[White "Garnier, Rene Augusto"]
[Black "Pierrot, Juan Facundo"]
[Result "1/2-1/2"]
[WhiteElo "2198"]
[BlackElo "2346"]
[PlyCount "129"]
[EventDate "2023.04.29"]
[EventType "swiss"]
[EventRounds "9"]
[EventCountry "ARG"]
[SourceTitle "CBM 214 Extra"]
[Source "ChessBase"]
[SourceDate "2023.07.31"]
[SourceVersion "1"]
[SourceVersionDate "2023.07.31"]
[SourceQuality "1"]

1. Nf3 Nf6 2. c4 e6 3. Nc3 d5 4. d4 Be7 5. Bf4 0-0 6. e3 Nbd7 7. c5 Nh5 8. Bd3 Nxf4 9. exf4 c6 10. 0-0 b6 11. b4 a5 12. a3 Qc7 13. g3 axb4 14. axb4 Rxa1 15. Qxa1 Bb7 16. Qb2 Ra8 17. Ra1 Qb8 18. Ne5 Nxe5 19. fxe5 bxc5 20. bxc5 Rxa1+ 21. Qxa1 Bc8 22. Qa5 f6 23. f4 fxe5 24. fxe5 Bg5 25. Ne2 Bd7 26. h4 Be3+ 27. Kg2 Qf8 28. Qe1 g6 29. g4 Kg7 30. Qg3 Bd2 31. g5 Qf7 32. Qg4 h6 33. gxh6+ Kxh6 34. Ng1 Be3 35. Nh3 Be8 36. Qg3 Bd2 37. Nf2 Qf4 38. Ng4+ Kg7 39. Qxf4 Bxf4 40. Nf6 Bf7 41. Kf3 Bd2 42. Ba6 Kf8 43. Bc8 Ke7 44. Bd7 Be1 45. Bxc6 Bxh4 46. Ng4 g5 47. Nf6 Be1 48. Bb5 Bg6 49. Ke2 Bc3 50. Bd3 Bf7 51. Ke3 Kd8 52. Be2 Bb2 53. Bg4 Bc1+ 54. Kd3 Bb2 55. Bh5 Bxh5 56. Nxh5 Kd7 57. Ng3 Kc6 58. Ne2 Ba3 59. Kc3 Kb5 60. Kd3 Bb4 61. Ke3 Kc4 62. Ng3 Ba5 63. Ne2 Bd8 64. Ng3 Ba5 65. Ne2 1/2-1/2

[Event "ARG-ch sf 97th"]
[Site "Buenos Aires"]
[Date "2022.09.11"]
[Round "5"]
[White "Beroiz, Julian"]
[Black "Garnier, Rene Augusto"]
[Result "0-1"]
[WhiteElo "2085"]
[BlackElo "2225"]
[PlyCount "60"]
[EventDate "2022.09.08"]
[EventType "swiss"]
[EventRounds "9"]
[EventCountry "ARG"]
[SourceTitle "CBM 210 Extra"]
[Source "ChessBase"]
[SourceDate "2022.11.30"]
[SourceVersion "1"]
[SourceVersionDate "2022.11.30"]
[SourceQuality "1"]

1. e4 d6 2. d4 Nf6 3. Nc3 Nbd7 4. Nf3 e5 5. Bc4 Be7 6. 0-0 0-0 7. a4 a5 8. Re1 c6 9. Bf1 Qc7 10. d5 Nc5 11. Nd2 cxd5 12. exd5 b6 13. Nc4 Ba6 14. Ne3 Bxf1 15. Rxf1 Rfc8 16. Nf5 Bf8 17. Bg5 Nfe4 18. Nxe4 Nxe4 19. Qg4 Nxg5 20. Qxg5 g6 21. Ne3 Bg7 22. c3 f5 23. h4 f4 24. Ng4 h5 25. Nf6+ Kf7 26. Nxh5 gxh5 27. g3 Rh8 28. gxf4 Qd7 29. fxe5 Bxe5 30. f4 Bf6 0-1

[Event "ARG-ch sf 97th"]
[Site "Buenos Aires"]
[Date "2022.09.09"]
[Round "2"]
[White "Garnier, Rene Augusto"]
[Black "Oro, Faustino"]
[Result "1-0"]
[WhiteElo "2225"]
[BlackElo "2074"]
[PlyCount "63"]
[EventDate "2022.09.08"]
[EventType "swiss"]
[EventRounds "9"]
[EventCountry "ARG"]
[SourceTitle "CBM 210 Extra"]
[Source "ChessBase"]
[SourceDate "2022.11.30"]
[SourceVersion "1"]
[SourceVersionDate "2022.11.30"]
[SourceQuality "1"]

1. e4 e5 2. Nf3 Nc6 3. d3 Nf6 4. g3 d5 5. exd5 Nxd5 6. Bg2 Be7 7. 0-0 0-0 8. Re1 Bd6 9. a3 Re8 10. b4 Nde7 11. b5 Nd4 12. Nxe5 Nxb5 13. Bb2 Nf5 14. Nd2 Nbd4 15. Ndc4 Bc5 16. c3 Ne6 17. d4 Bf8 18. Qc2 g6 19. Rad1 Bg7 20. Bc1 c6 21. a4 Nc7 22. Ba3 Nd5 23. a5 Qc7 24. Nxc6 Be6 25. N6e5 f6 26. Nxg6 Qxc4 27. Rxe6 Rxe6 28. Qxf5 Nxc3 29. Nf4 Nxd1 30. Bd5 Qa6 31. Bxe6+ Kh8 32. Ng6+ 1-0

[Event "ARG-ch 96th"]
[Site "Buenos Aires"]
[Date "2022.06.10"]
[Round "9"]
[White "Garnier, Rene Augusto"]
[Black "Brizzi, Milagros Tatiana"]
[Result "1-0"]
[WhiteElo "2187"]
[BlackElo "2011"]
[PlyCount "119"]
[EventDate "2022.06.02"]
[EventType "swiss"]
[EventRounds "11"]
[EventCountry "ARG"]
[SourceTitle "CBM 208 Extra"]
[Source "ChessBase"]
[SourceDate "2022.07.31"]
[SourceVersion "1"]
[SourceVersionDate "2022.07.31"]
[SourceQuality "1"]

1. Nf3 d5 2. g3 Nf6 3. Bg2 c6 4. 0-0 Bf5 5. d3 e6 6. Nh4 Bg6 7. f4 Qb6+ 8. e3 Bc5 9. Qe2 Nbd7 10. h3 Be7 11. Kh2 Nc5 12. Nc3 Nfd7 13. Nf3 f6 14. Rb1 a5 15. e4 dxe4 16. dxe4 e5 17. Nh4 Qa6 18. Qg4 0-0-0 19. Nxg6 hxg6 20. Qxg6 Rdg8 21. Rd1 Bd8 22. Qg4 Kc7 23. Bf1 Qa8 24. Bc4 Re8 25. Qxg7 b5 26. Bf7 Be7 27. Bxe8 Qxe8 28. Qg4 b4 29. Ne2 Nxe4 30. Be3 Bc5 31. Bxc5 Ndxc5 32. Qf3 Qe6 33. h4 Qxa2 34. fxe5 fxe5 35. Qf5 Qc4 36. Re1 Rg8 37. b3 Qd5 38. Rbd1 Nd2 39. Ng1 Nce4 40. Rxe4 Qxe4 41. Qf7+ Kb6 42. Qxg8 Qxc2 43. Rxd2 Qxd2+ 44. Kh1 e4 45. Qc4 Qe1 46. Kg2 Qd2+ 47. Ne2 e3 48. h5 c5 49. g4 Qd7 50. g5 Qc6+ 51. Kg3 Qd6+ 52. Kf3 Qe5 53. Kg4 Qh2 54. Nf4 Qg1+ 55. Kf5 Qf2 56. g6 Qf3 57. g7 e2 58. g8Q e1Q 59. Qd8+ Kb7 60. Qb5+ 1-0

[Event "ARG-ch 96th"]
[Site "Buenos Aires"]
[Date "2022.06.03"]
[Round "2"]
[White "Perez Ponsa, Federico"]
[Black "Garnier, Rene Augusto"]
[Result "1-0"]
[WhiteElo "2553"]
[BlackElo "2187"]
[PlyCount "115"]
[EventDate "2022.06.02"]
[EventType "swiss"]
[EventRounds "11"]
[EventCountry "ARG"]
[SourceTitle "CBM 208 Extra"]
[Source "ChessBase"]
[SourceDate "2022.07.31"]
[SourceVersion "1"]
[SourceVersionDate "2022.07.31"]
[SourceQuality "1"]

1. d4 Nf6 2. c4 e6 3. Nc3 Bb4 4. Qc2 0-0 5. Nf3 d5 6. a3 Be7 7. Bg5 c6 8. e3 Nbd7 9. Rd1 b6 10. Bd3 Bb7 11. 0-0 Rc8 12. Rfe1 h6 13. Bf4 Nh5 14. Be5 f6 15. Bf4 f5 16. Ne5 g5 17. Nxd7 Qxd7 18. Be5 Bf6 19. cxd5 cxd5 20. Qe2 Bxe5 21. dxe5 Ng7 22. Nb5 Ba6 23. Nd4 Bxd3 24. Qxd3 Rc7 25. Rc1 Rfc8 26. Rxc7 Qxc7 27. f4 Qc4 28. Qd2 Kf7 29. h3 Kg6 30. Kh2 Rc7 31. Rg1 Kh7 32. Rd1 Rc8 33. Qe1 Qc7 34. Qe2 Qc4 35. Qf3 Qc7 36. Kh1 Qe7 37. Qf2 Rc4 38. Kh2 Qc7 39. Rd2 a6 40. Qe2 b5 41. Qd3 Kg8 42. Rf2 Qf7 43. b3 Rc5 44. Rc2 Qc7 45. g3 Kf7 46. Kg2 Rxc2+ 47. Qxc2 Qa5 48. Qc1 Ne8 49. b4 Qc7 50. Nc6 Qb6 51. Kf3 Nc7 52. Nd4 Kg6 53. g4 fxg4+ 54. hxg4 gxf4 55. Qc2+ Kf7 56. Qh7+ Ke8 57. Kxf4 Kd8 58. Qxh6 1-0

[Event "ARG-ch Amateur"]
[Site "Termas de Rio Hondo"]
[Date "2019.11.15"]
[Round "2"]
[White "Diaz, Diego Patricio"]
[Black "Garnier, Rene Augusto"]
[Result "0-1"]
[WhiteElo "2022"]
[BlackElo "2219"]
[PlyCount "102"]
[EventDate "2019.11.15"]
[EventType "swiss"]
[EventRounds "7"]
[EventCountry "ARG"]
[SourceTitle "CBM 193 Extra"]
[Source "ChessBase"]
[SourceDate "2020.01.31"]
[SourceVersion "1"]
[SourceVersionDate "2020.01.31"]
[SourceQuality "1"]

1. e4 g6 2. d4 Bg7 3. Nc3 c6 4. f4 d5 5. e5 Nh6 6. Nf3 Bg4 7. h3 Bxf3 8. Qxf3 Nf5 9. Ne2 e6 10. g4 Qh4+ 11. Qf2 Qxf2+ 12. Kxf2 Ne7 13. Ng3 0-0 14. Bd3 c5 15. dxc5 Nd7 16. Be3 Rac8 17. Kg2 Nxc5 18. Bxc5 Rxc5 19. Rhe1 Nc6 20. c3 g5 21. fxg5 Nxe5 22. Rad1 b5 23. Nh5 Rb8 24. Bb1 Nc4 25. Re2 b4 26. cxb4 Rxb4 27. b3 Nd6 28. Nf6+ Bxf6 29. gxf6 Rf4 30. Rf2 Rxf2+ 31. Kxf2 h6 32. h4 a5 33. g5 e5 34. gxh6 e4 35. Ke3 Nf5+ 36. Kf4 Nxh4 37. h7+ Kh8 38. Ke5 Nf3+ 39. Kd6 Rb5 40. Kc6 Rb8 41. Rxd5 e3 42. Bd3 Re8 43. Rxa5 Ne5+ 44. Rxe5 Rxe5 45. Be2 Rf5 46. b4 Rf2 47. Bh5 Rxa2 48. b5 e2 49. Bxe2 Rxe2 50. b6 Kxh7 51. b7 Rb2 0-1